Central Library OPAC University of Rajshahi

The food revolution in the Soviet Union and Eastern Europe / (Record no. 5400)

MARC details
000 -LEADER
fixed length control field 01341pam a2200349 a 4500
001 - CONTROL NUMBER
control field 5400
003 - CONTROL NUMBER IDENTIFIER
rucl marc code BD-RjUL
005 - DATE AND TIME OF LATEST TRANSACTION
control field 20211208234047.0
008 - FIXED-LENGTH DATA ELEMENTS--GENERAL INFORMATION
fixed length control field 131226s1986 cou b 001 0 eng
020 ## - INTERNATIONAL STANDARD BOOK NUMBER
International Standard Book Number 0813371619 (pbk. : alk. paper) :
035 ## - SYSTEM CONTROL NUMBER
System control number (BD-RjUL)5436
040 ## - CATALOGING SOURCE
Original cataloging agency DLC
Transcribing agency DLC
Modifying agency DLC
-- BD-RjUL
Language of cataloging eng
041 ## - LANGUAGE CODE
Language code of text/sound track or separate title eng
082 00 - DEWEY DECIMAL CLASSIFICATION NUMBER
Classification number 338.1947
Edition number 19
Author mark and year DEF 1986
100 1# - MAIN ENTRY--PERSONAL NAME
Personal name Deutsch, Robert.
9 (RLIN) 16965
245 14 - TITLE STATEMENT
Title The food revolution in the Soviet Union and Eastern Europe /
Statement of responsibility, etc. Robert Deutsch.
260 ## - PUBLICATION, DISTRIBUTION, ETC. (IMPRINT)
Place of publication, distribution, etc. Boulder :
Name of publisher, distributor, etc. Westview Press,
Date of publication, distribution, etc. c1986.
300 ## - PHYSICAL DESCRIPTION
Pagination xxii, 256 p. ;
Size 23 cm.
504 ## - BIBLIOGRAPHY, ETC. NOTE
Bibliography, etc Bibliography: p. 149-241 and indexes.
610 20 - SUBJECT ADDED ENTRY--CORPORATE NAME
Corporate name or jurisdiction name as entry element Council for Mutual Economic Assistance.
650 #0 - SUBJECT ADDED ENTRY--TOPICAL TERM
Topical term or geographic name as entry element Food supply
Geographic subdivision Soviet Union.
9 (RLIN) 16968
Topical term or geographic name as entry element Produce trade
Geographic subdivision Soviet Union.
9 (RLIN) 16969
Topical term or geographic name as entry element Agriculture and state
Geographic subdivision Soviet Union.
9 (RLIN) 16970
Topical term or geographic name as entry element Food supply
Geographic subdivision Europe, Eastern.
9 (RLIN) 16971
Topical term or geographic name as entry element Produce trade
Geographic subdivision Europe, Eastern.
9 (RLIN) 16972
Topical term or geographic name as entry element Agriculture and state
Geographic subdivision Europe, Eastern.
9 (RLIN) 16973
856 ## - ELECTRONIC LOCATION AND ACCESS
Uniform Resource Identifier <a href="http://www.worldcat.org/title/food-revolution-in-the-soviet-union-and-eastern-europe/oclc/12945910&referer=brief_results">http://www.worldcat.org/title/food-revolution-in-the-soviet-union-and-eastern-europe/oclc/12945910&referer=brief_results</a>
942 ## - ADDED ENTRY ELEMENTS (KOHA)
Source of classification or shelving scheme Dewey Decimal Classification
Koha item type Books
Holdings
Lost status Source of classification or shelving scheme Damaged status Not for loan Collection code Permanent Location Current Location Shelving location Date acquired Source of acquisition Total Checkouts Full call number Date last seen Copy number Koha item type
  Dewey Decimal Classification   Not For Loan Non-fiction Central Library, University of Rajshahi Central Library, University of Rajshahi   17/06/1991 Asia foundation   338.1947 DEF 1986 26/12/2013 C-1 Books
  Dewey Decimal Classification     Non-fiction Central Library, University of Rajshahi Central Library, University of Rajshahi   10/10/1992 Author   338.1947 DEF 1986 06/09/2016 C-2 Books